01109cam a22002651a 4500001001300000003000400013005001700017008004100034010001700075035002000092040002500112042001200137050002100149100004100170245020500211260005600416300002900472490005400501502005100555651004200606651002700648650002700675710008500702830005600787gs 20000315 DLC20260227111324.0941012s1918 sdu 000 0 eng  ags 20000315  a(OCoLC)31273124 aDLCcMsSMdNNBGdDLC apremarc00aQE163b.A3 no. 81 aVisher, Stephen Sargent,d1887-1967.14aThe geography of South Dakota ;ba detailed discussion of the surface, resources, climate, plants, animals, and human geography including the history of the area /cby Stephen Sargent Visher. aVermilion, SD :bUniversity of South Dakota,c1918. a189 p. :bill. ;c22 cm.1 aSouth Dakota Geological Survey. Bulletin ;vno. 8 aWith Report of the State Geologist, 1916-1918. 0aSouth DakotaxDescription and travel. 0aSouth DakotaxHistory. 0aGeologyzSouth Dakota.1 aSouth Dakota State Geological Survey.tReport of the State Geologist, 1916-1918. 0aBulletin (South Dakota Geological Survey) ;vno. 8.